|
|
|
|
| LEADER |
02011nam a2200421 i 4500 |
| 001 |
EBC1953118 |
| 003 |
MiAaPQ |
| 005 |
20200520144314.0 |
| 006 |
m o d | |
| 007 |
cr cnu|||||||| |
| 008 |
150222t20152015ja a ob 000 0 eng d |
| 020 |
|
|
|z 9789221294795
|
| 020 |
|
|
|a 9789221294788
|q (electronic bk.)
|
| 035 |
|
|
|a (MiAaPQ)EBC1953118
|
| 035 |
|
|
|a (Au-PeEL)EBL1953118
|
| 035 |
|
|
|a (CaPaEBR)ebr11018261
|
| 035 |
|
|
|a (OCoLC)905748275
|
| 040 |
|
|
|a MiAaPQ
|b eng
|e rda
|e pn
|c MiAaPQ
|d MiAaPQ
|
| 043 |
|
|
|a a------
|
| 050 |
|
4 |
|a HC412
|b .B85 2015
|
| 082 |
0 |
|
|a 338.95
|2 23
|
| 245 |
0 |
0 |
|a Building human capital through labor migration in Asia /
|c International Labour Office.
|
| 264 |
|
1 |
|a Tokyo, Japan ;
|a Paris, France ;
|a Bangkok, Thailand :
|b Asian Development Bank Institute :
|b International Labour Organization :
|b Organisation for Economic Co-operation,
|c 2015.
|
| 264 |
|
4 |
|c 2015
|
| 300 |
|
|
|a 1 online resource (81 pages) :
|b illustrations, tables
|
| 336 |
|
|
|a text
|2 rdacontent
|
| 337 |
|
|
|a computer
|2 rdamedia
|
| 338 |
|
|
|a online resource
|2 rdacarrier
|
| 504 |
|
|
|a Includes bibliographical references.
|
| 588 |
|
|
|a Description based on online resource; title from PDF title page (ebrary, viewed February 16, 2015).
|
| 590 |
|
|
|a Electronic reproduction. Ann Arbor, MI : ProQuest, 2015. Available via World Wide Web. Access may be limited to ProQuest affiliated libraries.
|
| 650 |
|
0 |
|a Economic stabilization
|z Asia.
|
| 651 |
|
0 |
|a Asia
|x Economic policy.
|
| 655 |
|
4 |
|a Electronic books.
|
| 710 |
2 |
|
|a International Labour Office.
|
| 776 |
0 |
8 |
|i Print version:
|t Building human capital through labor migration in Asia.
|d Tokyo, Japan ; Paris, France ; Bangkok, Thailand : Asian Development Bank Institute Intern: International Labour OrganizationOrganisation for Economic Co-operation : International Labour Office, c2015
|h v, 73 pages
|z 9789221294795
|
| 797 |
2 |
|
|a ProQuest (Firm)
|
| 856 |
4 |
0 |
|u https://ebookcentral.proquest.com/lib/matrademy/detail.action?docID=1953118
|z Click to View
|